Top 10 Watford Premier League Most Assists - Statistics

General Stats
  • This quiz has been taken 63 times
    47 since last reset
  • The average score is 6 of 11
Answer Stats
Player Assists % Correct
Troy Deeney 20
86%
Gerard Deulofeu 10
66%
Abdoulaye Doucouré 11
60%
Étienne Capoue 8
57%
José Holebas 14
57%
Will Hughes 8
57%
Ismaila Sarr 6
51%
Kiko Femenía 7
51%
Tom Cleverley 6
46%
Tommy Smith 6
29%
Emmanuel Dennis 6
26%
No matching quizzes found
Score Distribution
Percent of People with Each Score
Percentile by Number Answered
Your Score History
You have not taken this quiz since the last reset